000 00792nam a22002177a 4500
003 UA-OsUOA
001 131800
007 ta
008 20180618b un ||||| |||| 00| 0 ukr d
100 _aОвдійчук О.
090 _a82
_bО-31
942 _cSA
040 _aUA-OsUOA
_bukr
_cUA-OsUOA
_dUA-OsUOA
245 _aВасиль Стус як особистість: вивчення життєпису митця на основі критичного осмислення мемуарів, листів, документів
300 _aС.19-26
955 _a0
041 _aukr
080 _a82
773 0 _w131796
_tУкраїнська мова і література в школі
_dК.
_d2018
_g2
650 7 _a82 Література. Літературознавство
_2UDC
999 _c420195
_d420195